Supermassive Games Characters - Statistics

General Stats
  • This quiz has been taken 94 times
  • The average score is 26 of 34
Answer Stats
Game Answer % Correct
Until Dawn Chris
94%
Until Dawn Emily
94%
Until Dawn Jessica
93%
Until Dawn Joshua
93%
Until Dawn Matt
93%
Until Dawn Samantha
93%
Until Dawn Ashley
92%
Until Dawn Mike
92%
Until Dawn Beth
90%
Until Dawn Hannah
90%
The Quarry Jacob
86%
The Quarry Nick
86%
House of Ashes Nick
86%
The Quarry Dylan
83%
The Quarry Emma
83%
The Quarry Abigail
82%
The Quarry Max
82%
The Quarry Laura
81%
The Quarry Kaitlyn
79%
The Quarry Ryan
78%
House of Ashes Salim
69%
House of Ashes Eric
68%
Man of Medan Fliss
67%
Man of Medan Alex
65%
Little Hope Angela
65%
House of Ashes Jason
65%
Little Hope Andrew
64%
Man of Medan Conrad
64%
Man of Medan Julia
64%
Man of Medan Brad
63%
Little Hope Daniel
61%
Little Hope John
61%
House of Ashes Rachel
61%
Little Hope Taylor
60%
No matching quizzes found
Score Distribution
Percent of People with Each Score
Percentile by Number Answered
Your Score History
You have not taken this quiz